[Event "Politikken Cup 1988"]
[Site "Graested"]
[Date "1988.02.16"]
[Round "5"]
[White "Maric, Mirjana"]
[Black "De Greef, Heleen"]
[Result "1-0"]
[WhiteElo "2255"]
[BlackElo "2240"]
[PlyCount "144"]
[EventDate "1988.02.12"]
[EventType "tourn"]
[EventRounds "9"]
[EventCountry "DEN"]
[SourceVersionDate "2020.04.07"]

1. e4 e6 2. d4 d5 3. Nc3 Nf6 4. e5 Nfd7 5. f4 c5 6. Nf3 Nc6 7. Be3 cxd4 8. Nxd4
Qb6 9. Qd2 Qxb2 10. Rb1 Qa3 11. Ndb5 Qa5 12. Nxd5 Qxd2+ 13. Kxd2 exd5 14. Nc7+
Kd8 15. Nxa8 Nc5 16. Bd3 d4 17. Bf2 Bd7 18. Bg3 Kc8 19. f5 Nxd3 20. cxd3 Bxf5
21. e6 fxe6 22. Rhc1 g6 23. Ke2 g5 24. Nc7 Bg4+ 25. Kf1 Ba3 26. Rc2 Rf8+ 27.
Rf2 Rxf2+ 28. Kxf2 a6 29. Ne8 Bf5 30. Rb3 Bc5 31. Bd6 Bg6 32. Bxc5 Bxe8 33. Ke2
Bg6 34. Kd2 e5 35. Rb1 Kc7 36. Re1 b6 37. Bf8 a5 38. g4 Bf7 39. a3 h5 40. Rg1
e4 41. dxe4 Ne5 42. Rc1+ Kd7 43. gxh5 Bxh5 44. Bg7 Nf3+ 45. Kd3 g4 46. Rh1 Bg6
47. Bxd4 Ng5 48. Re1 b5 49. Bc3 a4 50. Bf6 Nf3 51. Re2 Bf7 52. Ke3 Ke6 53. Bc3
Kd6 54. Kf4 Bh5 55. Rb2 Kc5 56. Ba5 Bg6 57. e5 Bd3 58. Bc7 Kd4 59. Kxg4 Nxe5+
60. Bxe5+ Kxe5 61. Rf2 Kd4 62. Rf4+ Be4 63. Rf6 b4 64. axb4 Kc4 65. Rf4 Kd5 66.
b5 a3 67. Rf7 a2 68. Ra7 Bb1 69. h4 Kc5 70. h5 Kb6 71. Ra3 Kxb5 72. h6 Kb4 1-0

[Event "Politikken Cup 1988"]
[Site "Graested"]
[Date "1988.02.17"]
[Round "6"]
[White "Haahr, Merete"]
[Black "Klimova, Eliska"]
[Result "0-1"]
[WhiteElo "2035"]
[BlackElo "2375"]
[PlyCount "72"]
[EventDate "1988.02.12"]
[EventType "tourn"]
[EventRounds "9"]
[EventCountry "DEN"]
[SourceVersionDate "2020.04.07"]

1. Nf3 d6 2. c4 e5 3. Nc3 f5 4. d3 Nf6 5. g3 g6 6. Bg2 Bg7 7. O-O O-O 8. Ne1 c6
9. Nc2 Be6 10. f4 Nbd7 11. e3 a5 12. Qe2 Qc7 13. fxe5 dxe5 14. Bd2 Nc5 15. Rad1
Rad8 16. d4 Nce4 17. Nxe4 Nxe4 18. Bxe4 fxe4 19. Bc3 Bh3 20. Rf2 Rxf2 21. Qxf2
Rf8 22. Qd2 Qf7 23. Qe2 h5 24. Re1 Bg4 25. Qg2 Qxc4 26. dxe5 c5 27. a3 Qd3 28.
Qd2 Qxd2 29. Bxd2 b6 30. Bc3 Re8 31. Rf1 Bxe5 32. Bxe5 Rxe5 33. Kg2 Rd5 34. Ne1
Rd2+ 35. Rf2 Bh3+ 36. Kg1 Rd1 0-1

[Event "Politikken Cup 1988"]
[Site "Graested"]
[Date "1988.02.17"]
[Round "6"]
[White "Hoiberg, Nina"]
[Black "Petek, Mirjana"]
[Result "1-0"]
[WhiteElo "2285"]
[BlackElo "2300"]
[PlyCount "77"]
[EventDate "1988.02.12"]
[EventType "tourn"]
[EventRounds "9"]
[EventCountry "DEN"]
[SourceVersionDate "2020.04.07"]

1. e4 e6 2. Nf3 d5 3. e5 c5 4. b4 cxb4 5. a3 Nc6 6. axb4 Qc7 7. d4 Bxb4+ 8. c3
Be7 9. Bd3 Bd7 10. O-O f5 11. Ng5 g6 12. Na3 Qd8 13. Nh3 a6 14. g4 Bxa3 15.
Rxa3 Qh4 16. Ng5 Qxg4+ 17. Qxg4 fxg4 18. f3 g3 19. hxg3 Nge7 20. Kg2 h5 21. g4
Rc8 22. Bd2 Nd8 23. Rb1 Rc7 24. c4 dxc4 25. Ba5 Rc8 26. Ne4 Bc6 27. Nd6+ Kd7
28. Nxc8 Kxc8 29. Bxd8 Rxd8 30. Bxc4 hxg4 31. Bxe6+ Kc7 32. Bxg4 Rxd4 33. Kg3
Bd5 34. Rh1 Bc4 35. Rh7 Kd8 36. Ra4 b6 37. Be6 Nf5+ 38. Bxf5 gxf5 39. Rb7 1-0

[Event "Politikken Cup 1988"]
[Site "Graested"]
[Date "1988.02.17"]
[Round "6"]
[White "Arkell, Susan"]
[Black "Maric, Mirjana"]
[Result "1/2-1/2"]
[WhiteElo "2340"]
[BlackElo "2255"]
[PlyCount "100"]
[EventDate "1988.02.12"]
[EventType "tourn"]
[EventRounds "9"]
[EventCountry "DEN"]
[SourceVersionDate "2020.04.07"]

1. e4 c5 2. c3 e6 3. d4 d5 4. e5 Nc6 5. Nf3 Qb6 6. a3 c4 7. g3 Bd7 8. Bg2 Na5
9. Nbd2 Ne7 10. O-O h6 11. Rb1 O-O-O 12. Re1 Kb8 13. Bf1 Rc8 14. h4 f5 15. exf6
gxf6 16. Bh3 Re8 17. b4 cxb3 18. Nxb3 Nxb3 19. Bf4+ Ka8 20. Rxb3 Ba4 21. Rxb6
Bxd1 22. Rbxe6 Bxf3 23. Bd6 Be4 24. f3 Bxf3 25. Bxe7 Bxe7 26. Rxe7 Be4 27.
Rxe8+ Rxe8 28. Bf5 Kb8 29. Kf2 Kc7 30. g4 Kd6 31. Kg3 Re7 32. Bxe4 dxe4 33. Kf4
Kd5 34. Re3 b5 35. Kf5 Re6 36. Kg6 a5 37. Kxh6 b4 38. axb4 axb4 39. cxb4 Kxd4
40. Re1 f5+ 41. Kg5 fxg4 42. Kxg4 Kd3 43. Kf5 Re8 44. h5 e3 45. h6 Kd2 46. Rh1
e2 47. h7 e1=Q 48. Rxe1 Kxe1 49. Kg6 Rb8 50. Kg7 Rb7+ 1/2-1/2

[Event "Politikken Cup 1988"]
[Site "Graested"]
[Date "1988.02.17"]
[Round "6"]
[White "Berg, Tine"]
[Black "Maric, Alisa"]
[Result "0-1"]
[WhiteElo "2095"]
[BlackElo "2345"]
[PlyCount "106"]
[EventDate "1988.02.12"]
[EventType "tourn"]
[EventRounds "9"]
[EventCountry "DEN"]
[SourceVersionDate "2020.04.07"]

1. e4 e5 2. Nc3 Nf6 3. g3 d5 4. exd5 Nxd5 5. Bg2 Nxc3 6. bxc3 Bd6 7. Ne2 O-O 8.
O-O c6 9. d3 Nd7 10. h3 Nf6 11. f4 exf4 12. Bxf4 Nd5 13. Bxd6 Qxd6 14. Qd2 Re8
15. Rf2 Bd7 16. Kh2 Ne3 17. Ng1 Qh6 18. Rf4 Re7 19. Be4 Ng4+ 20. Kg2 Nf6 21.
Rd1 Rae8 22. Rf2 Qxd2 23. Rfxd2 Nxe4 24. dxe4 Be6 25. Rd4 c5 26. Rd8 f6 27.
Rxe8+ Rxe8 28. Kf3 Bxa2 29. Ra1 Bf7 30. Rxa7 Bg6 31. Ne2 Bxe4+ 32. Kf2 Re5 33.
Nf4 Bc6 34. Ra5 c4 35. Ra3 Kf7 36. g4 f5 37. Ne2 fxg4 38. hxg4 Bd7 39. Nd4 Bxg4
40. Ra4 Rc5 41. Rb4 Bc8 42. Nb5 Ke6 43. Na7 Bd7 44. Rxb7 h5 45. Ke3 h4 46. Kd4
Rh5 47. Rb6+ Ke7 48. Kxc4 h3 49. Rb1 h2 50. Rh1 Kd6 51. Kd4 Kc7 52. c4 Kb6 53.
Nb5 Bc6 0-1

[Event "Politikken Cup 1988"]
[Site "Graested"]
[Date "1988.02.17"]
[Round "6"]
[White "De Greef, Heleen"]
[Black "Jackson, Sheila"]
[Result "1-0"]
[WhiteElo "2240"]
[BlackElo "2260"]
[PlyCount "81"]
[EventDate "1988.02.12"]
[EventType "tourn"]
[EventRounds "9"]
[EventCountry "DEN"]
[SourceVersionDate "2020.04.07"]

1. e4 e5 2. Nf3 Nc6 3. d4 exd4 4. Nxd4 Bc5 5. Be3 Qf6 6. c3 Nge7 7. g3 d5 8.
Bg2 Nxd4 9. cxd4 Bb4+ 10. Nc3 Bxc3+ 11. bxc3 dxe4 12. Bxe4 O-O 13. O-O h6 14.
Re1 c6 15. Bc1 Be6 16. Qd2 Rfd8 17. Ba3 Nd5 18. Bc5 Rd7 19. a4 b6 20. Ba3 Rc8
21. Bb2 Qd8 22. Bd3 a5 23. Re5 Nf6 24. c4 Ng4 25. Re2 Qg5 26. f4 Qh5 27. Qc2
Rd6 28. Rae1 Nf6 29. Re5 Qh3 30. f5 Bd7 31. Qc3 Ng4 32. R5e2 f6 33. Qc2 c5 34.
d5 Qh5 35. Bc1 Be8 36. Re4 Ne5 37. Be2 Qxf5 38. Bg4 Nxg4 39. Rxe8+ Rxe8 40.
Rxe8+ Kf7 41. Qxf5 1-0

[Event "Politikken Cup 1988"]
[Site "Graested"]
[Date "1988.02.18"]
[Round "7"]
[White "Petek, Mirjana"]
[Black "Berg, Tine"]
[Result "1-0"]
[WhiteElo "2300"]
[BlackElo "2095"]
[PlyCount "95"]
[EventDate "1988.02.12"]
[EventType "tourn"]
[EventRounds "9"]
[EventCountry "DEN"]
[SourceVersionDate "2020.04.07"]

1. d4 Nf6 2. c4 g6 3. Nc3 d5 4. cxd5 Nxd5 5. e4 Nxc3 6. bxc3 Bg7 7. Bc4 c5 8.
Ne2 O-O 9. O-O Nc6 10. Be3 Bg4 11. f3 Na5 12. Bxf7+ Rxf7 13. fxg4 Rxf1+ 14.
Kxf1 Qd6 15. Kg1 Qe6 16. Ng3 Rf8 17. Qe2 Qc4 18. Qxc4+ Nxc4 19. Bf2 Bh6 20. Rb1
cxd4 21. cxd4 b6 22. Rb3 Rf4 23. Rc3 b5 24. h3 Rf8 25. e5 Bd2 26. Rc2 Ba5 27.
Ne2 Rd8 28. h4 Bb6 29. g5 e6 30. g4 Kf7 31. Kg2 Ke7 32. Kf3 Rf8+ 33. Nf4 Kd7
34. Ke4 Ba5 35. Be3 Be1 36. Ng2 Bb4 37. Bf4 Na3 38. Rc1 a5 39. d5 exd5+ 40.
Kxd5 Nc4 41. h5 Rxf4 42. Nxf4 Bd2 43. Rb1 Bxf4 44. Rxb5 Nd2 45. Rb7+ Kd8 46.
Rxh7 Ke8 47. Ke6 Kf8 48. Rf7+ 1-0

[Event "Politikken Cup 1988"]
[Site "Graested"]
[Date "1988.02.18"]
[Round "7"]
[White "Maric, Mirjana"]
[Black "Haahr, Merete"]
[Result "1-0"]
[WhiteElo "2255"]
[BlackElo "2035"]
[PlyCount "29"]
[EventDate "1988.02.12"]
[EventType "tourn"]
[EventRounds "9"]
[EventCountry "DEN"]
[SourceVersionDate "2020.04.07"]

1. e4 c5 2. c3 d5 3. exd5 Nf6 4. d4 Qxd5 5. Nf3 e6 6. Na3 Qd8 7. Bf4 Be7 8.
dxc5 Qxd1+ 9. Rxd1 Bxc5 10. Nb5 Nd5 11. Rxd5 exd5 12. Nc7+ Kd8 13. Nxa8 Re8+
14. Kd2 Bxf2 15. Bxb8 1-0

[Event "Politikken Cup 1988"]
[Site "Graested"]
[Date "1988.02.18"]
[Round "7"]
[White "Klimova, Eliska"]
[Black "Hoiberg, Nina"]
[Result "1/2-1/2"]
[WhiteElo "2375"]
[BlackElo "2285"]
[PlyCount "83"]
[EventDate "1988.02.12"]
[EventType "tourn"]
[EventRounds "9"]
[EventCountry "DEN"]
[SourceVersionDate "2020.04.07"]

1. e4 e5 2. Nf3 Nc6 3. Bb5 f5 4. Nc3 fxe4 5. Nxe4 d5 6. Nxe5 dxe4 7. Nxc6 Qg5
8. Qe2 Nf6 9. f4 Qxf4 10. Nxa7+ Bd7 11. Bxd7+ Nxd7 12. d4 Qf5 13. Nb5 Bd6 14.
Rf1 Qg6 15. Bf4 O-O 16. Bxd6 cxd6 17. c4 e3 18. Rf3 Rxa2 19. Rxf8+ Nxf8 20.
Rxa2 Qb1+ 21. Qd1 Qxa2 22. Qc1 d5 23. Nc3 Qxc4 24. Qxe3 Qb4 25. Qe5 Qxb2 26.
Qxd5+ Kh8 27. Ne2 h6 28. Qd6 Qb1+ 29. Kd2 Ng6 30. h4 Qa2+ 31. Kc3 Qa5+ 32. Kc2
Qa2+ 33. Kd3 Qa6+ 34. Qxa6 bxa6 35. g3 Kg8 36. Kc4 Kf7 37. Kc5 Ke6 38. d5+ Kd7
39. Nd4 Ne7 40. g4 a5 41. d6 Nc8 42. Nf5 1/2-1/2

[Event "Politikken Cup 1988"]
[Site "Graested"]
[Date "1988.02.18"]
[Round "7"]
[White "Jackson, Sheila"]
[Black "Arkell, Susan"]
[Result "1/2-1/2"]
[WhiteElo "2260"]
[BlackElo "2340"]
[PlyCount "122"]
[EventDate "1988.02.12"]
[EventType "tourn"]
[EventRounds "9"]
[EventCountry "DEN"]
[SourceVersionDate "2020.04.07"]

1. e4 c6 2. d4 d5 3. exd5 cxd5 4. c4 Nf6 5. Nc3 g6 6. cxd5 Nxd5 7. Bc4 Nb6 8.
Bb3 Bg7 9. Nge2 O-O 10. O-O Nc6 11. d5 Na5 12. Be3 Nbc4 13. Bxc4 Nxc4 14. Bd4
Nxb2 15. Qb3 Bxd4 16. Nxd4 Qb6 17. Qxb6 axb6 18. Rfe1 e6 19. dxe6 fxe6 20. Nxe6
Bxe6 21. Rxe6 Rfc8 22. Rxb6 Nc4 23. Rb4 Nd6 24. Rb3 Rc4 25. g3 Rac8 26. Rd1
Rxc3 27. Rxc3 Rxc3 28. Rxd6 Rc2 29. Rd8+ Kg7 30. Rd7+ Kg8 31. Rxb7 Rxa2 32. g4
Ra5 33. Kg2 h5 34. h3 hxg4 35. hxg4 Ra3 36. f3 Rc3 37. Kg3 Ra3 38. Kf4 Ra5 39.
Rd7 Kf8 40. Ke4 Rb5 41. f4 Ra5 42. Rd5 Ra1 43. Rb5 Re1+ 44. Kd5 Kf7 45. Rb7+
Kg8 46. Rc7 Re2 47. g5 Re1 48. Rc6 Kf7 49. Rf6+ Kg7 50. Re6 Rd1+ 51. Ke5 Re1+
52. Kd6 Rd1+ 53. Ke7 Rd4 54. Rf6 Re4+ 55. Kd6 Ra4 56. Ke5 Ra5+ 57. Ke4 Ra4+ 58.
Kf3 Ra3+ 59. Kg4 Rb3 60. Rd6 Ra3 61. Rd7+ Kg8 1/2-1/2

[Event "Politikken Cup 1988"]
[Site "Graested"]
[Date "1988.02.18"]
[Round "7"]
[White "Maric, Alisa"]
[Black "De Greef, Heleen"]
[Result "1-0"]
[WhiteElo "2345"]
[BlackElo "2240"]
[PlyCount "135"]
[EventDate "1988.02.12"]
[EventType "tourn"]
[EventRounds "9"]
[EventCountry "DEN"]
[SourceVersionDate "2020.04.07"]

1. c4 Nf6 2. g3 g6 3. Bg2 d5 4. cxd5 Nxd5 5. Nc3 Nb6 6. Nf3 Bg7 7. O-O O-O 8.
d3 Nc6 9. Be3 Bg4 10. h3 Bd7 11. Qd2 Qc8 12. Kh2 Re8 13. Bh6 Bh8 14. Ne4 Nd4
15. Nxd4 Bxd4 16. e3 Bh8 17. Nc5 c6 18. e4 e5 19. f4 exf4 20. Qxf4 Be6 21. Qf2
Bg7 22. Bxg7 Kxg7 23. h4 Qc7 24. b3 Kg8 25. d4 Rad8 26. Rad1 Bc8 27. e5 Nd5 28.
Ne4 Be6 29. Nd6 Rf8 30. Bxd5 Bxd5 31. Qf6 Rd7 32. Qg5 Rxd6 33. exd6 Qxd6 34.
Qe5 Qxe5 35. dxe5 Re8 36. Rfe1 h5 37. Kg1 Kg7 38. Kf2 Re7 39. Rd4 b6 40. Ra4 a5
41. Re3 Rd7 42. Rd4 b5 43. a3 Kf8 44. Rd2 Ke7 45. Rc2 Rb7 46. Rc5 Ke6 47. a4
Kf5 48. Ke1 Kg4 49. Rd3 bxa4 50. bxa4 Rb4 51. Rxa5 Re4+ 52. Kf2 Rxe5 53. Rd4+
Kh3 54. Rc5 Re8 55. Rb4 Rd8 56. a5 Bh1 57. Ra4 Rd2+ 58. Ke1 Rd8 59. Ra3 f5 60.
a6 f4 61. gxf4+ Kxh4 62. a7 Ra8 63. Rg5 Be4 64. Kf2 Bf5 65. Ra1 Be4 66. Ke3 Bf5
67. Rxf5 Rxa7 68. Rh1+ 1-0

[Event "Politikken Cup 1988"]
[Site "Graested"]
[Date "1988.02.20"]
[Round "8"]
[White "Arkell, Susan"]
[Black "Maric, Alisa"]
[Result "1/2-1/2"]
[WhiteElo "2340"]
[BlackElo "2345"]
[PlyCount "39"]
[EventDate "1988.02.12"]
[EventType "tourn"]
[EventRounds "9"]
[EventCountry "DEN"]
[SourceVersionDate "2020.04.07"]

1. b4 d5 2. Bb2 Qd6 3. a3 e5 4. e3 Be6 5. Nf3 Nd7 6. Be2 Be7 7. O-O Nh6 8. d3
O-O 9. Nbd2 c6 10. c4 f5 11. d4 e4 12. Ne5 Bf6 13. cxd5 cxd5 14. f4 exf3 15.
Nxd7 Bxd7 16. Bxf3 Ng4 17. Bxg4 fxg4 18. Nb3 Bg5 19. Qd3 a6 20. Rxf8+ 1/2-1/2

[Event "Politikken Cup 1988"]
[Site "Graested"]
[Date "1988.02.20"]
[Round "8"]
[White "Klimova, Eliska"]
[Black "Maric, Mirjana"]
[Result "1-0"]
[WhiteElo "2375"]
[BlackElo "2255"]
[PlyCount "77"]
[EventDate "1988.02.12"]
[EventType "tourn"]
[EventRounds "9"]
[EventCountry "DEN"]
[SourceVersionDate "2020.04.07"]

1. e4 c5 2. Nf3 Nc6 3. d4 cxd4 4. Nxd4 Nf6 5. Nc3 e5 6. Ndb5 d6 7. Be3 a6 8.
Na3 b5 9. Nd5 Nxd5 10. exd5 Ne7 11. c4 bxc4 12. Nxc4 Nf5 13. Bd2 a5 14. Bd3 Be7
15. O-O O-O 16. Qe1 a4 17. Ba5 Qe8 18. Nb6 Ra7 19. Nxc8 Qxc8 20. Rc1 Qd7 21.
Bb6 Rb7 22. Qa5 Nh4 23. Rc4 Rfb8 24. Be3 Rxb2 25. Qxa4 Qxa4 26. Rxa4 f5 27. Ra7
Bf6 28. a4 e4 29. Bb5 g5 30. Rd7 Rd8 31. Bd4 Rxd7 32. Bxb2 Rf7 33. Bxf6 Rxf6
34. Rc1 Ng6 35. Rc7 Ne5 36. a5 Rf8 37. a6 Ra8 38. a7 f4 39. Rb7 1-0

[Event "Politikken Cup 1988"]
[Site "Graested"]
[Date "1988.02.20"]
[Round "8"]
[White "De Greef, Heleen"]
[Black "Petek, Mirjana"]
[Result "1/2-1/2"]
[WhiteElo "2240"]
[BlackElo "2300"]
[PlyCount "122"]
[EventDate "1988.02.12"]
[EventType "tourn"]
[EventRounds "9"]
[EventCountry "DEN"]
[SourceVersionDate "2020.04.07"]

1. e4 e6 2. d4 d5 3. Nc3 Bb4 4. Nge2 dxe4 5. a3 Be7 6. Nxe4 Nf6 7. Qd3 Nxe4 8.
Qxe4 Nd7 9. Bf4 Nf6 10. Qd3 O-O 11. g3 Qd5 12. Rg1 c5 13. c4 Qh5 14. g4 Qg6 15.
Qxg6 hxg6 16. O-O-O e5 17. dxe5 Nxg4 18. Bg3 Bg5+ 19. Kb1 Bf5+ 20. Ka1 Rad8 21.
Nc3 Rxd1+ 22. Nxd1 Be6 23. Nc3 Rd8 24. Be2 Be7 25. Rd1 Rxd1+ 26. Bxd1 Nh6 27.
Nd5 Bd8 28. b3 Nf5 29. f4 Nxg3 30. hxg3 g5 31. Ne3 gxf4 32. gxf4 g6 33. Bf3 b6
34. Bb7 Bh4 35. Nd5 Bg3 36. Kb2 Kg7 37. Kc3 g5 38. fxg5 Bxe5+ 39. Kd3 Bf5+ 40.
Kd2 Bd7 41. Ne7 Bf4+ 42. Kc3 Bxg5 43. Nc8 Bc1 44. a4 Bg5 45. Nxa7 f5 46. Bf3
Bf6+ 47. Kd2 Kg6 48. Nc6 Kg5 49. a5 bxa5 50. Nxa5 Kf4 51. Ke2 Bc3 52. Nc6 Kg3
53. Ne7 f4 54. Nd5 Bc6 55. Bh5 Bg7 56. Bf3 Bf8 57. Bh1 Be8 58. Nf6 Bg6 59. Ne4+
Kg4 60. Bf3+ Kf5 61. Nf2 Ke5 1/2-1/2

[Event "Politikken Cup 1988"]
[Site "Graested"]
[Date "1988.02.20"]
[Round "8"]
[White "Haahr, Merete"]
[Black "Jackson, Sheila"]
[Result "0-1"]
[WhiteElo "2035"]
[BlackElo "2260"]
[PlyCount "148"]
[EventDate "1988.02.12"]
[EventType "tourn"]
[EventRounds "9"]
[EventCountry "DEN"]
[SourceVersionDate "2020.04.07"]

1. Nf3 d5 2. c4 dxc4 3. Qa4+ Nc6 4. Qxc4 e5 5. d3 Be7 6. Bd2 Nf6 7. Nc3 O-O 8.
g3 Be6 9. Qa4 h6 10. Bg2 a6 11. O-O Qd7 12. Rfd1 Rad8 13. Rac1 Qc8 14. Qc2 Nd4
15. Nxd4 exd4 16. Ne4 c6 17. Nxf6+ Bxf6 18. Bb4 Rfe8 19. b3 Bg4 20. Re1 Qd7 21.
Ba5 Rc8 22. e4 dxe3 23. fxe3 Bg5 24. Bd2 Rcd8 25. d4 h5 26. Qc5 Bh6 27. Rc3 Re7
28. Bc1 Ree8 29. Rf1 g6 30. Qc4 Be6 31. Qe2 Bf8 32. Bb2 a5 33. Rd3 a4 34. Qf2
Bg7 35. Rc1 axb3 36. axb3 Bd5 37. Bxd5 Qxd5 38. Qg2 Qf5 39. Qe2 Qe4 40. Rc4 Qe6
41. Qf3 Rd5 42. Rc2 Bh6 43. Re2 f5 44. Rc3 Rb5 45. Kg2 Bg7 46. Rd3 Qf7 47. d5
Rxd5 48. Rxd5 Qxd5 49. Bxg7 Kxg7 50. Qxd5 cxd5 51. Kf3 g5 52. Rd2 Re5 53. Rd4
g4+ 54. Kf2 b6 55. Ke2 Kf6 56. Kd3 Ke7 57. Rb4 Re6 58. Rb5 Rd6 59. Rb4 Rc6 60.
Kd2 Ke6 61. Rd4 Ke5 62. Ra4 h4 63. gxh4 Rh6 64. Rb4 Rxh4 65. Rxb6 Rxh2+ 66. Kd3
Rh8 67. Rg6 Rb8 68. Kc3 Ke4 69. Re6+ Kf3 70. Rf6 Kxe3 71. Rxf5 d4+ 72. Kc2 d3+
73. Kb2 d2 74. Rd5 Rc8 0-1

[Event "Politikken Cup 1988"]
[Site "Graested"]
[Date "1988.02.20"]
[Round "8"]
[White "Hoiberg, Nina"]
[Black "Berg, Tine"]
[Result "1/2-1/2"]
[WhiteElo "2285"]
[BlackElo "2095"]
[PlyCount "148"]
[EventDate "1988.02.12"]
[EventType "tourn"]
[EventRounds "9"]
[EventCountry "DEN"]
[SourceVersionDate "2020.04.07"]

1. e4 e6 2. d4 d5 3. Nd2 Nf6 4. e5 Nfd7 5. Ngf3 c5 6. c3 Nc6 7. Bd3 cxd4 8.
cxd4 f6 9. exf6 Nxf6 10. O-O Bd6 11. Re1 O-O 12. Nf1 Nb4 13. Bb1 Bd7 14. Ng5
Qe7 15. a3 Nc6 16. Ne3 g6 17. Ba2 Qg7 18. Nf3 Rae8 19. h3 Nh5 20. Ng4 Bf4 21.
Nge5 Nxe5 22. Nxe5 Bb5 23. Be3 Bxe5 24. dxe5 Qxe5 25. Bd4 Qd6 26. Rc1 Rf7 27.
Re5 Nf4 28. Bb1 Qa6 29. Kh2 Ne2 30. Rc2 Nxd4 31. Qxd4 Bd3 32. Rc1 Bxb1 33. Rxb1
Ref8 34. f3 Qd6 35. Kg1 b6 36. Rbe1 Rf6 37. Rc1 Rf5 38. Re2 R5f6 39. Qa4 Qg3
40. Qd7 Qb8 41. Rxe6 Rd8 42. Qc6 Rf7 43. Rce1 Qc7 44. Kf2 Qxc6 45. Rxc6 Kg7 46.
Ree6 Rdd7 47. Ke3 Rf5 48. Rcd6 Rc7 49. Rc6 Rd7 50. Kd3 Kf7 51. Ke2 d4 52. Kd3
Rc5 53. Rf6+ Kg7 54. Rfd6 Re7 55. Rxc5 bxc5 56. Rc6 Rb7 57. Kc2 d3+ 58. Kc3 Rd7
59. Kd2 Rb7 60. g4 Rxb2+ 61. Kxd3 Rb3+ 62. Ke4 Rxa3 63. g5 Ra4+ 64. Ke5 Rh4 65.
Rc7+ Kf8 66. f4 Rxh3 67. Kf6 Ke8 68. Rxc5 Rh4 69. Rc4 Kd7 70. Ke5 Rh1 71. Kf6
Rh4 72. Ra4 Kc6 73. Rxa7 Rxf4+ 74. Kg7 Rh4 1/2-1/2

[Event "Politikken Cup 1988"]
[Site "Graested"]
[Date "1988.02.21"]
[Round "9"]
[White "Maric, Mirjana"]
[Black "Hoiberg, Nina"]
[Result "1-0"]
[WhiteElo "2255"]
[BlackElo "2285"]
[PlyCount "85"]
[EventDate "1988.02.12"]
[EventType "tourn"]
[EventRounds "9"]
[EventCountry "DEN"]
[SourceVersionDate "2020.04.07"]

1. e4 e5 2. Nf3 Nc6 3. Bb5 f5 4. Nc3 fxe4 5. Nxe4 Nf6 6. Nxf6+ Qxf6 7. Qe2 Bd6
8. d4 O-O 9. Bxc6 bxc6 10. dxe5 Bxe5 11. Nxe5 Re8 12. f4 d6 13. Qc4+ Be6 14.
Qxc6 Qh4+ 15. g3 Qh3 16. Be3 dxe5 17. O-O-O exf4 18. Bxf4 Rac8 19. Rhe1 Bf7 20.
Rxe8+ Rxe8 21. Qxc7 Qxh2 22. b3 a6 23. Rd8 Qe2 24. Be5 Qg4 25. Qe7 Qg6 26.
Rxe8+ Bxe8 27. Bxg7 Qf7 28. Qxf7+ Kxf7 29. Bd4 Ke6 30. c4 Kf5 31. Kd2 Ke4 32.
Kc3 Bd7 33. Bf6 Kf5 34. Bh4 Ke5 35. Kb4 Bf5 36. Kc5 Bb1 37. a3 Ke6 38. b4 Bd3
39. a4 Kd7 40. b5 Kc7 41. Kb4 Be2 42. Bg5 Bf1 43. c5 1-0

[Event "Politikken Cup 1988"]
[Site "Graested"]
[Date "1988.02.21"]
[Round "9"]
[White "Petek, Mirjana"]
[Black "Arkell, Susan"]
[Result "0-1"]
[WhiteElo "2300"]
[BlackElo "2340"]
[PlyCount "48"]
[EventDate "1988.02.12"]
[EventType "tourn"]
[EventRounds "9"]
[EventCountry "DEN"]
[SourceVersionDate "2020.04.07"]

1. d4 d5 2. c4 e6 3. Nf3 c5 4. cxd5 exd5 5. g3 Nc6 6. Bg2 Nf6 7. Nc3 Be7 8. O-O
O-O 9. Bg5 cxd4 10. Nxd4 h6 11. Be3 Re8 12. Rc1 Bf8 13. Ncb5 Bg4 14. h3 Nxd4
15. Nxd4 Bd7 16. Qb3 Bd6 17. Kh2 Qe7 18. Bxd5 Rad8 19. Bf3 Ne4 20. Rg1 Qh4 21.
Bg2 Nxg3 22. f4 Rxe3 23. Qxe3 Bxf4 24. Nf3 Ne4+ 0-1

[Event "Politikken Cup 1988"]
[Site "Graested"]
[Date "1988.02.21"]
[Round "9"]
[White "Maric, Alisa"]
[Black "Haahr, Merete"]
[Result "1-0"]
[WhiteElo "2345"]
[BlackElo "2035"]
[PlyCount "119"]
[EventDate "1988.02.12"]
[EventType "tourn"]
[EventRounds "9"]
[EventCountry "DEN"]
[SourceVersionDate "2020.04.07"]

1. e4 c5 2. c3 d5 3. exd5 Nf6 4. Bb5+ Bd7 5. Bxd7+ Qxd7 6. c4 e6 7. dxe6 Qxe6+
8. Ne2 Qxc4 9. O-O Be7 10. Na3 Qb4 11. d4 Nc6 12. Nc2 Qb5 13. Nc3 Qc4 14. dxc5
Rd8 15. Qf3 Qxc5 16. Be3 Qc4 17. Rfe1 O-O 18. Bxa7 Rd2 19. Rac1 Rd7 20. Be3 Ne5
21. Qe2 Qh4 22. Bg5 Nf3+ 23. Qxf3 Qxg5 24. Ne3 Rfd8 25. Rcd1 Qc5 26. Rxd7 Rxd7
27. Rd1 Rxd1+ 28. Qxd1 g6 29. Qb3 Qc6 30. Ned5 Nxd5 31. Qxd5 Bf6 32. Qxc6 bxc6
33. Kf1 Kf8 34. Ke2 Bd4 35. Nd1 Ke7 36. Kd3 Bb6 37. Ne3 Ke6 38. b4 f5 39. f4
Ba7 40. a4 Bb6 41. g3 Ba7 42. a5 Bb8 43. Nc4 Kd5 44. Nb6+ Kd6 45. Kc4 Kc7 46.
b5 Ba7 47. Na8+ Kb7 48. b6 Bb8 49. Nc7 Bxc7 50. bxc7 Kxc7 51. Kc5 Kb7 52. a6+
Kxa6 53. Kxc6 Ka7 54. Kd6 Kb6 55. Ke6 Kc6 56. Kf6 Kd6 57. Kg7 Ke6 58. Kxh7 Kf7
59. h4 Kf6 60. Kg8 1-0

[Event "Politikken Cup 1988"]
[Site "Graested"]
[Date "1988.02.21"]
[Round "9"]
[White "Jackson, Sheila"]
[Black "Klimova, Eliska"]
[Result "1/2-1/2"]
[WhiteElo "2260"]
[BlackElo "2375"]
[PlyCount "26"]
[EventDate "1988.02.12"]
[EventType "tourn"]
[EventRounds "9"]
[EventCountry "DEN"]
[SourceVersionDate "2020.04.07"]

1. e4 e5 2. Nf3 Nc6 3. Bb5 a6 4. Ba4 Nf6 5. O-O Be7 6. Re1 b5 7. Bb3 O-O 8. a4
Bb7 9. d3 d6 10. c3 Na5 11. Bc2 c5 12. d4 Qc7 13. dxe5 dxe5 1/2-1/2

[Event "Politikken Cup 1988"]
[Site "Graested"]
[Date "1988.02.21"]
[Round "9"]
[White "Berg, Tine"]
[Black "De Greef, Heleen"]
[Result "1-0"]
[WhiteElo "2095"]
[BlackElo "2240"]
[PlyCount "103"]
[EventDate "1988.02.12"]
[EventType "tourn"]
[EventRounds "9"]
[EventCountry "DEN"]
[SourceVersionDate "2020.04.07"]

1. e4 e6 2. d4 d5 3. exd5 exd5 4. Bd3 c5 5. dxc5 Bxc5 6. Ne2 Nf6 7. O-O O-O 8.
Nbc3 b6 9. Bg5 Bb7 10. Bf5 d4 11. Ne4 Qd5 12. N2g3 Ne8 13. Qg4 g6 14. Bf6 Qc6
15. Qh4 Nd7 16. Bxd7 Qxd7 17. Nxc5 bxc5 18. Be7 Ng7 19. Bxf8 Rxf8 20. Ne4 Bxe4
21. Qxe4 Re8 22. Qd3 Ne6 23. Rae1 Rc8 24. f4 c4 25. Qh3 d3 26. cxd3 cxd3 27. f5
Ng7 28. fxg6 Qxh3 29. gxf7+ Kf8 30. gxh3 Rc2 31. Rf2 d2 32. Rd1 Rxb2 33. Rfxd2
Rb5 34. Rf2 Rb8 35. Rd7 Ra8 36. Rfd2 Ne6 37. R2d6 Ng5 38. Rd8+ Rxd8 39. Rxd8+
Kxf7 40. Rd7+ Ke6 41. Rxa7 Nxh3+ 42. Kg2 Nf4+ 43. Kf3 Nh3 44. Kg3 Ng5 45. Kg4
Ne4 46. Kf4 Nc3 47. Ke3 h5 48. Kd3 Nd5 49. Ra5 Nf4+ 50. Ke3 Ng2+ 51. Kf2 Nf4
52. Kf3 1-0